| 000 | 00643nam a2200253Ia 4500 | ||
|---|---|---|---|
| 003 | OSt | ||
| 005 | 20221006142818.0 | ||
| 006 | a|||||r|||| 00| 0 | ||
| 007 | ta | ||
| 008 | 221006b |||||||| |||| 00| 0 eng d | ||
| 020 | _c250.00 | ||
| 024 | _a7,229 | ||
| 037 | _cTextual | ||
| 040 |
_aEASL _cEASL _beng |
||
| 041 |
_2eng _aeng |
||
| 082 | _aY48.2.N, N0 | ||
| 100 | _aVerma M. M. | ||
| 245 | 0 | _aGandhi's technique of mass mobilization | |
| 260 |
_aNew Delhi _bR. K. Gupta & Co. _c1990 |
||
| 300 |
_a255p. _ccm. |
||
| 490 | _v Oth | ||
| 942 |
_hY48.2.N, N0 _cTEXL _2CC |
||
| 999 |
_c1075315 _d1075315 |
||